Catálogo
 En Linea

Trascendencia histórica de una fecha / (Registro nro. 15274)

Detalles MARC
000 -CABECERA
campo de control de longitud fija 00791nam a2200169 a 4500
001 - NÚMERO DE CONTROL
campo de control 000015724
005 - FECHA Y HORA DE LA ÚLTIMA TRANSACCIÓN
campo de control 20240229161930.0
008 - DATOS DE LONGITUD FIJA--INFORMACIÓN GENERAL
campo de control de longitud fija 100217s1957 dr 000 0 spa d
040 ## - FUENTE DE LA CATALOGACIÓN
Centro catalogador/agencia de origen DO-SdBNP
Lengua de catalogación spa
Centro/agencia transcriptor BNPHU
082 ## - NÚMERO DE LA CLASIFICACIÓN DECIMAL DEWEY
Número de clasificación xxx
Número de documento/Ítem P438t
049 ## - FONDOS LOCALES (OCLC)
Fondos de biblioteca BNPD
100 1# - ENTRADA PRINCIPAL--NOMBRE DE PERSONA
Nombre de persona Pérez, Carlos Federico,
Fechas asociadas al nombre 1912-1984
9 (RLIN) 24849
245 10 - MENCIÓN DE TÍTULO
Título Trascendencia histórica de una fecha /
Mención de responsabilidad, etc. Carlos Federico Pérez.
260 ## - PUBLICACIÓN, DISTRIBUCIÓN, ETC.
Lugar de publicación, distribución, etc. Ciudad Trujillo, República Dominicana :
Nombre del editor, distribuidor, etc. Publicaciones del Partido Dominicano,
Fecha de publicación, distribución, etc. 1957.
300 ## - DESCRIPCIÓN FÍSICA
Extensión 20 p. ;
Dimensiones 23 cm.
500 ## - NOTA GENERAL
Nota general Texto de la conferencia pronunciada en el auditorium del palacio de la Junta Central Directiva del Partido Dominicano, en la noche del 17 de julio de 1957, con motivo de conmemorarse el X aniversario de la cancelación de la deuda externa de la República
Existencias
Estado de retiro Estado de pérdida No para préstamo Código de colección Localización permanente Ubicación/localización actual Ubicación en estantería Fecha de adquisición Número de inventario Total de préstamos Signatura topográfica completa Código de barras Fecha visto por última vez Precio válido a partir de Tipo de ítem Koha
    Excluido de préstamo Patrimonio Dominicano Patrimonio Dominicano Patrimonio Dominicano En catalogación 17.02.2010 LF1   xxx P438t 15724-10 25.06.2020 25.06.2020 Libro y Folleto Colección Patrimonio Dominicano

Con tecnología Koha